书目信息 |
| 题名: |
中国工农红军长征实景记录
|
|
| 作者: | 徐占权 , 徐婧 著 | |
| 分册: | ||
| 出版信息: | 北京 中央文献出版社 2006.05 |
|
| 页数: | 326页 | |
| 开本: | 22cm | |
| 丛书名: | ||
| 单 册: | ||
| 中图分类: | K264.409 | |
| 科图分类: | K264.409 | |
| 主题词: | 二万五千里长征-普及读物--历史 | |
| 电子资源: | ||
| ISBN: | 7-5073-2087-1 | |
| 000 | 00674nam0 2200217 450 | |
| 001 | 0638782515 | |
| 005 | 20061011090152.57 | |
| 010 | @a7-5073-2087-1@dCNY 35.00 | |
| 100 | @a20060825d2006 km y0chiy0120 ea | |
| 101 | 0 | @achi |
| 102 | @aCN@b110000 | |
| 200 | 1 | @a中国工农红军长征实景记录@Azhong guo gong nong hong jun zhang zheng shi jing ji lu@f徐占权,徐婧著@Fxu zhan quan,xu jing zhu |
| 210 | @a北京@c中央文献出版社@d2006.05 | |
| 215 | @a326页@d22cm | |
| 606 | 0 | @a二万五千里长征-普及读物@x历史 |
| 690 | @aK264.409@v4 | |
| 692 | @aK264.409 | |
| 701 | 0 | @a徐占权@Axu zhan quan@4著 |
| 701 | 0 | @a徐婧@Axu jing@4著 |
| 801 | 0 | @aCN@c20061011 |
| 905 | @a10447@dK264.409@eX845 | |
| 中国工农红军长征实景记录/徐占权,徐婧著.-北京:中央文献出版社,2006.05 |
| 326页;22cm |
| ISBN 7-5073-2087-1:CNY 35.00 |
| ● |
| 相关链接 |
|
|
|
正题名:中国工农红军长征实景记录
索取号:K264.409/X845
 
预约/预借
| 序号 | 登录号 | 条形码 | 馆藏地/架位号 | 状态 | 备注 |
| 1 | 609873 | 206098738 | 社科库309/309社科库 36排2列6层/ [索取号:K264.409/X845] | 在馆 | |
| 2 | 609874 | 206098747 | 社科库309/ [索取号:K264.409/X845] | 在馆 | |
| 3 | 609875 | 206098756 | 社科库309/309社科库 36排2列6层/ [索取号:K264.409/X845] | 在馆 |